000 00336nam a2200133Ia 4500
008 220204s9999 xx 000 0 und d
082 _a595.7:591.1
_bROC.6
245 0 _aPhysiology of insecta. V 6.
250 _aEd.2
260 _aNew York
_bAcademic
_c1974
650 _aInsect physiology
700 _aROCKSTEIN, Morris
942 _cBK
999 _c28624
_d28624